[Event "Landesliga Sued 9596"]
[Site "Bayern"]
[Date "1996.02.25"]
[Round "6"]
[White "Heubusch, Michael"]
[Black "Kuenzner, Franz"]
[Result "1/2-1/2"]
[WhiteElo "2140"]
[BlackElo "2320"]
[PlyCount "48"]
[EventDate "1995.10.15"]
[EventType "team-tourn"]
[EventRounds "9"]
[EventCountry "GER"]
[SourceTitle "EXT 2020"]
[Source "ChessBase"]
[SourceDate "2019.10.17"]
[SourceVersion "1"]
[SourceVersionDate "2019.10.17"]
[SourceQuality "1"]
[WhiteTeam "Trostberg TSV"]
[BlackTeam "Sendling SC"]
[WhiteTeamCountry "GER"]
[BlackTeamCountry "GER"]

1. d4 f5 2. g3 Nf6 3. Bg2 e6 4. c4 Be7 5. Nf3 0-0 6. 0-0 d5 7. b3 Ne4 8. Bb2 Nd7 9. Nbd2 c6 10. Qc2 g5 11. Ne1 Ndf6 12. f3 Nxd2 13. Qxd2 g4 14. Nd3 Rf7 15. Ne5 Rg7 16. c5 Nd7 17. Nxd7 Bxd7 18. f4 h5 19. Bc3 h4 20. Rfc1 Rh7 21. Ba5 Qf8 22. Bc7 Qh6 23. Be5 Bd8 24. Kf2 Be8 1/2-1/2